Rózsahegy-Városháza
Zobrazenie: V bielom orámovaní pohľad na budovu mestského domu vpravo rastú mohutné stromy pred budovou stojí skupinka ľudí
| Médium: | Fotografia |
|---|---|
| Jazyk: | maďarčina slovenčina |
| PhysicalDescription: | 1 pohľadnica tónovaná do hneda 9 x 14 cm |
| Vydavateľské údaje: |
Rózsahegy
Klimáček Sándor
1912
|
| Predmet: |
MARC
| LEADER | 00000ckm a2200000 a 4500 | ||
|---|---|---|---|
| 001 | vtls010273363 | ||
| 003 | SK-MaSNL | ||
| 005 | 20260301031708.0 | ||
| 007 | kf ao | ||
| 008 | 230706s1912 xo g kuhun | ||
| 015 | |a SNBG1912 | ||
| 035 | |a F31F7E80-4F3F-42D4-896B-B31C8634D320 | ||
| 035 | |a urn:nbn:sk:snk-kmxvry | ||
| 035 | |a urn:nbn:sk:snk-km004xgo | ||
| 040 | |a SNK |b slo |c SNK |e AACR2 | ||
| 041 | 0 | |a hun |a slo | |
| 043 | |a e-xo--- | ||
| 044 | |a xo |c SK | ||
| 072 | 7 | |a 913 |x Regionálna geografia |2 konspekt | |
| 080 | |a 913(437.6) |2 2001 | ||
| 080 | |a (084.121) |2 2001 | ||
| 080 | |a 352 |2 2011 | ||
| 245 | 0 | 0 | |a Rózsahegy-Városháza |h grafika |
| 246 | 3 | 1 | |a Ružomberok-Mestský dom |
| 260 | |a Rózsahegy |b Klimáček Sándor |c 1912 | ||
| 300 | |a 1 pohľadnica |b tónovaná do hneda |c 9 x 14 cm | ||
| 500 | |a Vydavateľské údaje sú aj v slovenčine | ||
| 500 | |a Na adresnej strane pohľadnice je uvedené: Alex. Klimáček, Ružomberok | ||
| 500 | |a Názvové údaje prevzaté z obrazovej strany pohľadnice | ||
| 520 | 8 | |a Zobrazenie: V bielom orámovaní pohľad na budovu mestského domu vpravo rastú mohutné stromy pred budovou stojí skupinka ľudí | |
| 546 | |a Súbežný názov a podnázov v slovenčine | ||
| 650 | 0 | 7 | |a mestské úrady |2 SNKPH |9 84886 |
| 651 | 7 | |a Ružomberok (Slovensko) |2 SNKPHgeo |9 24370 | |
| 655 | 7 | |a miestne pohľadnice |2 SNKPH |9 70510 | |
| 655 | 7 | |a historické pohľadnice |2 SNKPH |9 159703 | |
| 752 | |a Slovensko |d Ružomberok | ||
| 852 | |a Slovenská národná knižnica | ||
| 958 | |a GBN | ||
| 958 | |a ONDV | ||
| 958 | |a GC | ||
| 999 | |c 577154 |d 579084 | ||
| 952 | |a SNK |b SNK |y PREZ |7 0 |p 17A0692253 |o snkSP 1715 |i snk438/86 |0 0 |1 0 |4 0 |d 2011-04-21 |f 1 |l 0 |r 2026-02-23 14:37:28 |w 2026-02-23 | ||


